Adivina el equipo de futbol - Estadísticas

Estadísticas generales
  • Esta prueba ha sido intentada 180 veces
  • La puntuación promedio es 10 de 13
Estadísticas de respuestas
Imagen Respuesta % Correcto
Real Madrid
99%
Manchester City
93%
Sevilla
93%
Borussia Dortmund
87%
Juventus
82%
Manchester United
82%
Inter
79%
Atletico de Madrid
77%
Girona
73%
Oporto
73%
Marsella
69%
Wolves
64%
Basel
47%
No se encontraron pruebas coincidentes
Distribución de puntuación
Porcentaje de gente con cada puntuación
Porcentaje por número respondido
Historial de tus puntuaciones
No has intentado esta prueba.